header

Value by design (Record no. 138731)

MARC details
000 -LEADER
fixed length control field 01229nam a2200313Ia 4500
082 04 - DEWEY DECIMAL CLASSIFICATION NUMBER
Classification number 362.1
245 00 - TITLE STATEMENT
Title Value by design
260 ## - PUBLICATION, DISTRIBUTION, ETC. (IMPRINT)
Place of publication San Francisco :
Name of publisher Jossey-Bass,
Year of publication 2011.
300 ## - PHYSICAL DESCRIPTION
Number of Pages xxxv, 346 p.
650 #0 - SUBJECT ADDED ENTRY--TOPICAL TERM
Topical Term Medical care.
Topical Term Medical protocols.
Topical Term Organizational effectiveness.
700 1# - ADDED ENTRY--PERSONAL NAME
Personal name Nelson, Eugene C.
856 40 - ELECTRONIC LOCATION AND ACCESS
Uniform Resource Identifier http://site.ebrary.com/lib/rucke/Doc?id=10449735

No items available.

© 2026 Rongo University
Contact us: librarian | system librarian | Rongo university